Our heritage: preserving it, prospering from it. Volume II. Minutes of evidence and appendices... (Record no. 94407)

MARC details
000 -LEADER
fixed length control field 00882cam a2200301 4500
008 - FIXED-LENGTH DATA ELEMENTS--GENERAL INFORMATION
fixed length control field 090401t1994 xxu||||| |||| 00| 0 eng d
020 ## - INTERNATIONAL STANDARD BOOK NUMBER
International Standard Book Number 0102904944
035 ## - SYSTEM CONTROL NUMBER
System control number (Sirsi) u62428
041 ## - LANGUAGE CODE
Language code of text/sound track or separate title eng
050 ## - LIBRARY OF CONGRESS CALL NUMBER
Classification number 690.241062
110 ## - MAIN ENTRY--CORPORATE NAME
Corporate name or jurisdiction name as entry element Parliament House of Commons National Heritage Committee Session 1993-94
9 (RLIN) 723
245 ## - TITLE STATEMENT
Title Our heritage: preserving it, prospering from it. Volume II. Minutes of evidence and appendices...
260 ## - PUBLICATION, DISTRIBUTION, ETC.
Place of publication, distribution, etc. London
Name of publisher, distributor, etc. HMSO
Date of publication, distribution, etc. 1994
300 ## - PHYSICAL DESCRIPTION
Extent viii,251p. ; 30cm.
350 ## - PRICE (NR) (BK AM CF MU VM SE) [OBSOLETE]
Price 24.4
490 ## - SERIES STATEMENT
Series statement HCP
Volume/sequential designation 139-II
650 ## - SUBJECT ADDED ENTRY--TOPICAL TERM
Topical term or geographic name entry element DEPARTMENT OF NATIONAL HERITAGE
650 ## - SUBJECT ADDED ENTRY--TOPICAL TERM
Topical term or geographic name entry element ENGLISH HERITAGE
650 ## - SUBJECT ADDED ENTRY--TOPICAL TERM
Topical term or geographic name entry element HISTORIC BUILDINGS
650 ## - SUBJECT ADDED ENTRY--TOPICAL TERM
Topical term or geographic name entry element MARITIME HERITAGE
650 ## - SUBJECT ADDED ENTRY--TOPICAL TERM
Topical term or geographic name entry element MUSEUMS
650 ## - SUBJECT ADDED ENTRY--TOPICAL TERM
Topical term or geographic name entry element OUR HERITAGE
650 ## - SUBJECT ADDED ENTRY--TOPICAL TERM
Topical term or geographic name entry element TOURISM
690 ## - LOCAL SUBJECT ADDED ENTRY--TOPICAL TERM (OCLC, RLIN)
Topical term or geographic name as entry element CONSERVATION
700 ## - ADDED ENTRY--PERSONAL NAME
Personal name Kaufman, Gerald
International Standard Serial Number Chairman
942 ## - ADDED ENTRY ELEMENTS (KOHA)
Suppress in OPAC 0
948 ## - LOCAL PROCESSING INFORMATION (OCLC); SERIES PART DESIGNATOR (RLIN)
c (OCLC) 04/03/1997
Holdings
Withdrawn status Lost status Source of classification or shelving scheme Damaged status Not for loan Home library Current library Shelving location Date acquired Cost, normal purchase price Total Checkouts Full call number Barcode Date last seen Date last checked out Copy number Cost, replacement price Price effective from Koha item type
    Dewey Decimal Classification     London London Folio 14/09/1994 24.40 1 F690.241062 30042512 06/08/2019 15/09/1999 1 24.40 06/08/2019 Book